000
00368nam a2200145Ia 4500
008
231129s1998||||xx |||||||||||||| ||spa||
020
_a
84-204-8383-4
040
_b
spa
082
_a
863 M333n
100
_a
Marías Javier
245
0
_a
Negra espalda del tiempo
260
_c
1998
264
_a
Alfaguara
942
_2
ddc
_c
BKS
999
_c
21638
_d
21638